00562nam a2200169Ia 4500008004100000041001200041082001600053100001500069245004700084260004100131300000800172650001500180700001700195942000700212999001500219952015800234221030s9999 xx 000 0 und d aEnglish a105.23bJon aI. C. Jong 0aEngineering Mechanics : Statics & Dynamics bSaunders College Pub.,aLondonc1991 a934 aMechanical aB. G. Rogers cBK c1004d1004 pBE 26g430.00l0o105.23 Jonr2024-06-13 00:00:00w2022-10-30yBK003Print4071aMIETLIBbMIETLIBcBL-Second, FL-1, CUP-1, SH-1, R-1d1996-10-0810HBE